Fourier integral operators /
Guardado en:
| Autor Principal: | |
|---|---|
| Formato: | Libro |
| Idioma: | English |
| Publicado: |
[New York] :
Courant Institute of Mathematical Sciences, New York University,
c1973.
|
| Etiquetas: |
Agregar Etiqueta
Sin Etiquetas, Sea el primero en etiquetar este registro!
|
| LEADER | 00797nam a2200181 a 4500 | ||
|---|---|---|---|
| 001 | MAT.inmabb001663 | ||
| 008 | 030508s1973####nyu###########001#0#eng#d | ||
| 005 | 20130326140640.0 | ||
| 245 | 1 | 0 | |a Fourier integral operators / |c J. J. Duistermaat. |
| 260 | |a [New York] : |b Courant Institute of Mathematical Sciences, New York University, |c c1973. | ||
| 300 | |a iii, 190 p. ; |c 28 cm. | ||
| 500 | |a "A free translation of notes in Dutch of a course ... given at Nijmegen University from February 1970 to december 1971"--Prefacio. | ||
| 504 | |a Bibliografía al final de cada capítulo. | ||
| 510 | 4 | |a MR, |c 56 #9600 | |
| 100 | 1 | |a Duistermaat, J. J. |q (Johannes Jisse), |d 1942- | |
| 084 | |a 58J40 (46F10 47Gxx 35P05) |2 msc2000 | ||
| 859 | |h 58 |i D875 |p A-4433 |b BIB. MATEMATICA | ||
| 859 | |h 58 |i D875 |p A-8057 |t Ej. 2 |b BIB. MATEMATICA | ||
